LEADER 02049nam a2200361 a 4500 001 000000172075 003 CaOOAMICUS 005 20190617133541.0 008 190617s2019 it 000 u ita r 020 $a978-88-13-36588-2 (set)* 032 $aLibriCat 040 $aPUL$bita 082 04$a343.04 245 10$aPer un nuovo ordinamento tributario : $bin occasione dei novant'anni di Diritto e pratica tributaria / $ccontributi coordinati da Victor Uckmar ; a cura di Cesare Glendi ... [et al.]. 260 $aMilano :$bWolters Kluwer,$c©2019$aPadova :$bCEDAM 300 $a2 v. (XXXVII, 1-778; X, 782-1597 p.) $c24 cm 490 1 $aIl diritto tributario commentato.$aSerie I ;$v129, t.I-II 500 $aTitolo della serie variante: sull'occhietto "Il diritto tributario commentato"; in testa al front: " Il diritto tributario coordinato da Anton e Victor Uckmar." 504 $aBibliografia in nota a pič pagina. 650 4$aDiritto tributario$zEuropa.$0(OLS)http://pul/subject/45975 700 1 $aUckmar, Victor.$0(OLS)http://pul/name/82476 700 1 $aGlendi, Cesare.$0(OLS)http://pul/name/69987 830 3$aIl diritto tributario commentato ;$v129, t.I-II.$0(OLS)http://pul/title/212961 850 $aPUL 852 $aPUL$W1$xSL Diritto e Scienze Sociali 3$y79$m343. 04 UCKVI 1.1.1$j195992$bt.1$qDDC 21$B200766$CPULBib$Z2$F200766 $H132807 $82 852 $aPUL$W1$xSL Diritto e Scienze Sociali 3$y79$m343. 04 UCKVI 1.1.2$j195993$bt.2$qDDC 21$B200767$CPULBib$Z2$F200767 $H132808 $82 941 1 $a9 996 $6020$a978-88-13-36588-2 (set)*$9(OLS)http://pul/number/166211 996 $6082$a343.04$9(OLS)http://pul/classification/2207 996 $6245$aPer un nuovo ordinamento tributario : $bin occasione dei novant'anni di Diritto e pratica tributaria / $9(OLS)http://pul/title/212960 996 $6260$aMilano :$bWolters Kluwer$9(OLS)http://pul/publisher/87159 996 $6260$aPadova :$bCEDAM$9(OLS)http://pul/publisher/48126 LEADER 01435nam a2200313 a 4500 001 000000176138 003 CaOOAMICUS 005 20230914172109.0 008 230914s2022 rm a 000 u eng r 020 $a978-973-166-604-4* 032 $aLibriCat 040 $aPUL$bita 082 14$a851.1 100 1 $aDumitrescu, Marius.$0(OLS)http://pul/name/113152 245 10$aDante, Freud and Dalí: what they might have in common? : $bpsychoanalytic reflections on Dante's Inferno /$cMarius Dumitrescu. 260 $aIa?i :$bLumen,$c©2022. 300 $a256 p. :$bill.;$c21 cm 440 0$aDimensiuni culturale 600 04$aDante Alighieri,$d1265-1321$tDivina Commedia$xCritica e interpretazione.$0(OLS)http://pul/subject/7363 830 0$aDimensiuni culturale.$0(OLS)http://pul/title/217641 850 $aPUL 852 $aPUL$W1$xSL Cons. Gen., Altre Classi 3$y75$m851. 1 DUMMA 1$j200301$qDDC 21$B205083$CPULBib$Z2$F205083 $H136475 $82 941 1 $a9 996 $6020$a978-973-166-604-4*$9(OLS)http://pul/number/169328 996 $6082$a851.1$9(OLS)http://pul/classification/599 996 $6440$aDimensiuni culturale$9(OLS)http://pul/title/217641 996 $6245$aDante, Freud and Dalí: what they might have in common? : $bpsychoanalytic reflections on Dante's Inferno$9(OLS)http://pul/title/217640 996 $6260$aIa?i :$bLumen$9(OLS)http://pul/publisher/87568